LEADER 01602oam 2200481 450 001 9910716837603321 005 20211230110849.0 035 $a(CKB)5470000002525811 035 $a(OCoLC)1273499554 035 $a(EXLCZ)995470000002525811 100 $a20211006d2021 ua 0 101 0 $aeng 135 $aur||||||||||| 181 $ctxt$2rdacontent 182 $cc$2rdamedia 183 $acr$2rdacarrier 200 10$aAllnP-based LEDs for efficient red and amber emission /$fKirstin Alberi, Chris Stender, Phil Ahrenkiel 210 1$aGolden, CO :$cNational Renewable Energy Laboratory,$d2021. 215 $a1 online resource (1 poster) $cillustrations (chiefly color) 225 1 $aNREL/PO ;$v5K00-78844 300 $a"2021 Lighting R&D Workshop 2/2/2021." 517 3 $aAllnP-based light emmitting diodes for efficient red and amber emission 606 $aLight emitting diodes$zUnited States 606 $aLED lighting$zUnited States 606 $aLED lighting$2fast 606 $aLight emitting diodes$2fast 607 $aUnited States$2fast 615 0$aLight emitting diodes 615 0$aLED lighting 615 7$aLED lighting. 615 7$aLight emitting diodes. 700 $aAlberi$b K$g(Kirstin),$01398817 702 $aStender$b Chris 702 $aAhrenkiel$b Phil 712 02$aNational Renewable Energy Laboratory (U.S.), 801 0$bGPO 801 1$bGPO 801 2$bOCLCF 801 2$bGPO 906 $aBOOK 912 $a9910716837603321 996 $aAllnP-based LEDs for efficient red and amber emission$93495927 997 $aUNINA LEADER 01495nam0 22003373i 450 001 TO00569903 005 20231121125839.0 100 $a20070905d1961 ||||0itac50 ba 101 | $alat 102 $alu 181 1$6z01$ai $bxxxe 182 1$6z01$an 200 1 $aPsalterii secundum Vulgatam Bibliorum versionem nova recensio$eiuxta votum Synodi generalis abbatum Ordinis S. Benedicti$fcura et studio Roberti Weber edita 210 $aClervaux$cAbbaye S. Maurice et S.Maur$d1961 215 $a192 p.$d24 cm 300 $aPro manuscripto. 312 $aTit. dell'occhietto.: Psalterii nova recensio$9RAV2098065 517 1 $aPsalterii nova recensio$9RAV2098065 606 $aBibbia. Vecchio Testamento. Salmi$2FIR$3RMLC190912$9I 676 $a223$9Bibbia. Vecchio Testamento. Libri sapienziali.$v21 702 1$aWeber$b, Robert$f <1904-1980>$3RAVV056406 790 1$aWeber$b, Robert$c $3VEAV047659$zWeber, Robert <1904-1980> 801 3$aIT$bIT-01$c20070905 850 $aIT-FR0084 $aIT-FR0017 899 $aBiblioteca Del Monumento Nazionale Di Montecassino$bFR0084 899 $aBiblioteca umanistica Giorgio Aprea$bFR0017 $eN 912 $aTO00569903 950 0$aBiblioteca umanistica Giorgio Aprea$d 52DFA P 23$e 52FLS0000347335 VMB RS $fC $h20141111$i20141111 977 $a 25$a 52 996 $aPsalterii secundum Vulgatam Bibliorum versionem nova recensio$93638081 997 $aUNICAS